[Event "Asian Nation Cup Women 2018"]
[Site "Hamedan"]
[Date "2018.07.31"]
[Round "4"]
[White "Asgharzadeh, Mitra"]
[Black "Wang, Jue"]
[Result "1/2-1/2"]
[WhiteElo "1985"]
[BlackElo "2377"]
[Annotator "NA"]
[PlyCount "50"]
[EventDate "2018.07.27"]
[EventType "swiss"]
[EventCountry "IRI"]
[SourceTitle "playchess.com"]
[Source "ChessBase"]
[SourceQuality "1"]
[WhiteTeam "Iran"]
[BlackTeam "China"]
[WhiteTeamCountry "IRI"]
[BlackTeamCountry "CHN"]
[TimeControl "40/5400+30:1800+30"]

1. Nf3 {[%emt 0:00:00]} c5 {[%emt 0:00:08]} 2. g3 {[%emt 0:00:00]} Nc6 {[%emt 0:00:48]} 3. Bg2 {[%emt 0:00:00]} g6 {[%emt 0:01:03]} 4. O-O {[%emt 0:00:18]} Bg7 {[%emt 0:00:04]} 5. d3 {[%emt 0:00:09]} d5 {[%emt 0:04:29] LiveBook: 147 Games} 6. Nbd2 {[%emt 0:00:29]} e5 {[%emt 0:00:49] A08: King's Indian Attack} (6... Nf6 7. e4 O-O 8. Re1 e5 9. exd5 Nxd5 10. Nc4 f6 11. a4 b6 12. Nfd2 Be6 13. f4 Qd7 14. fxe5 fxe5 15. c3 Rad8 16. Qe2 Nde7 17. Be4 Bg4 18. Nf3 {½-½ (50) Maghsoodloo,P (2577)-Sethuraman,S (2633) Chengdu 2017}) 7. e4 {[%emt 0:00:21]} d4 {[%emt 0:00:25]} 8. a3 {[%emt 0:04:00]} Nge7 {[%emt 0:09:53]} 9. Qe1 $146 {[%emt 0:09:22]} ({Predecessor:} 9. Rb1 a5 10. a4 O-O 11. Nc4 Rb8 12. c3 b6 13. cxd4 cxd4 {1-0 (51) Carruez Berges,S (2120)-Remiro Juste,F (2306) Spain 2010}) 9... h6 {[%emt 0:17:10]} 10. Rb1 {[%emt 0:06:00]} a5 {[%emt 0:03:59]} 11. Nh4 {[%emt 0:06:21]} g5 12. Nf5 Nxf5 {[%emt 0:19:30]} 13. exf5 {[%emt 0:01:02]} Bxf5 {[%emt 0:00:05]} 14. f4 {[%emt 0:01:25]} gxf4 {[%emt 0:12:32]} 15. gxf4 {[%emt 0:00:28]} Qd7 {[%emt 0:03:28]} (15... Rg8 $11 {keeps the balance.}) 16. Nc4 {[%emt 0:10:55]} Rd8 {[%emt 0:08:50]} 17. fxe5 {[%emt 0:00:42]} O-O {[%emt 0:00:30]} 18. Qg3 {[%emt 0:02:28]} ({Viel schwächer ist} 18. Nxa5 Nxa5 19. Qxa5 b5 $16) 18... Kh8 {[%emt 0:00:29]} 19. Qh4 {[%emt 0:18:43]} Qe6 {[%emt 0:04:36]} 20. Kh1 $16 {[%emt 0:01:29]} (20. Bg5 $18 {und Weiss behält klar die Oberhand.} Bh7 21. Bxd8 Nxd8 22. a4) 20... Bh7 {[%emt 0:02:04]} 21. Bh3 {[%emt 0:02:51]} Qd5+ {[%emt 0:05:03]} 22. Bg2 {[%emt 0:00:12]} Qe6 {[%emt 0:00:05]} 23. Bh3 {[%emt 0:00:17]} Qd5+ {[%emt 0:00:39]} 24. Bg2 {[%emt 0:00:11]} Qe6 {[%emt 0:01:25]} 25. Bh3 {[%emt 0:00:21]} Qd5+ {[%emt 0:03:13]} 1/2-1/2

[Event "Asian Nation Cup Women 2018"]
[Site "Hamedan"]
[Date "2018.08.01"]
[Round "5"]
[White "Harika, Dronavalli"]
[Black "Hoang, Thi Bao Tram"]
[Result "1-0"]
[WhiteElo "2494"]
[BlackElo "2364"]
[Annotator "TA"]
[PlyCount "253"]
[EventDate "2018.07.27"]
[EventType "swiss"]
[EventCountry "IRI"]
[SourceTitle "playchess.com"]
[Source "ChessBase"]
[SourceQuality "1"]
[WhiteTeam "India"]
[BlackTeam "Vietnam"]
[WhiteTeamCountry "IND"]
[BlackTeamCountry "VIE"]

{[%evp 18,253,53,40,84,83,101,108,103,85,112,89,97,94,113,98,119,108,114,102,109,102,102,98,124,115,102,81,85,85,68,71,97,80,80,81,85,74,76,52,125,60,77,83,80,44,47,45,55,46,46,38,76,39,62,76,125,118,122,121,122,122,147,76,102,62,75,74,74,58,65,58,58,36,36,36,58,36,58,36,36,36,36,36,36,36,36,36,38,9,27,27,27,27,28,13,36,8,8,8,25,8,8,8,8,8,12,12,15,15,26,15,15,9,41,13,13,13,28,0,26,0,41,41,54,58,75,75,75,75,75,75,75,61,75,61,61,0,75,0,75,75,101,101,111,0,95,0,75,0,75,15,15,0,0,0,15,0,8,0,0,0,8,8,8,0,0,0,8,8,8,8,8,8,8,8,168,168,168,168,5459,5459,5444,5437,5426,182,5418,5418,5431,6046,5093,3750,3195,182,3957,0,6690,415,29988,1372,906,708,575,182,6209,687,6864,5653,4022,4088,2845,2627,29960,2352,1577,658,547,445,658,658,427,271,249,182,658,420,420,242,29965,29963,29972,29971,29970,29971,29971,29966,29963,29961]} 1. c4 c6 2. Nf3 Nf6 3. Nc3 d5 4. e3 g6 5. d4 Bg7 6. Be2 O-O 7. O-O a6 8. a4 Bg4 {D94: Grünfeld: 4 Nf3 Bg7 5 e3} 9. Qb3 Ra7 10. h3 {LiveBook: 4 Games} Be6 $146 {White is slightly better.} ({Predecessor:} 10... dxc4 11. Qxc4 Bf5 12. Ng5 b5 13. Qb3 h6 14. e4 Bc8 15. Nf3 c5 16. axb5 cxd4 17. Nxd4 Nxe4 18. Nxe4 Qxd4 {1-0 (64) Bacrot,E (2708)-Kamsky,G (2671) Turin 2006}) 11. a5 h6 12. Rd1 Ne4 13. Nd2 (13. Ne5 {is more complex.} g5 14. cxd5 cxd5 15. Nxe4 dxe4 16. d5) 13... Nxd2 14. Bxd2 dxc4 15. Bxc4 Bxc4 16. Qxc4 Nd7 17. e4 $1 Ra8 18. Qb4 b5 19. axb6 {Threatens to win with Na4.} a5 20. Rxa5 Qxb6 21. Qxb6 Nxb6 22. Ne2 Nc4 23. Rxa8 Rxa8 24. Bc3 Rc8 25. Rc1 Rb8 26. b4 Rb6 27. Be1 Nd6 28. f3 e6 (28... Nb5 $14) 29. Bf2 ({White should try} 29. Ra1 $16) 29... Ra6 30. Nc3 Ra3 31. e5 Nf5 32. b5 cxb5 33. Nxb5 Ra5 34. Nc3 Ra8 35. Ne4 Rd8 36. Rc4 Bf8 37. g4 Ne7 38. Nf6+ Kg7 39. f4 g5 40. Be3 ({White should play} 40. Rc7) 40... gxf4 41. Bxf4 (41. Nh5+ {is interesting.} Kh7 42. Nxf4 Ng6 43. Rc7 Kg8 44. Nh5) 41... Nd5 42. Nxd5 Rxd5 $16 {[%mdl 4096] Endgame KRB-KRB} 43. Kg2 Be7 44. Kf3 Bh4 45. Be3 Ra5 46. Rc3 Ra2 47. Ke4 Rh2 48. d5 exd5+ 49. Kxd5 Be1 50. Rc1 Re2 51. Bd4 Bf2 52. Ba1 Bh4 53. Rc6 Kh7 54. Bd4 Bg5 55. Rc3 Kg6 56. Rf3 Ra2 57. Bc3 Be7 58. Rd3 Bg5 59. Ke4 Rf2 60. Rd6+ Kh7 61. Rd7 {With the idea e6.} Kg8 62. Rd3 Rf4+ 63. Kd5 Rf1 64. Bd4 Kh7 65. Rb3 Re1 (65... h5 $5) 66. Bf2 Rf1 67. Bg3 Rh1 68. Bf2 Rf1 69. Bd4 Re1 70. Ra3 Re2 71. Rf3 Kg8 72. Bf2 Be7 73. Bg3 Kg7 74. h4 Bd8 75. Rb3 Be7 76. Rd3 Kg6 77. Rb3 Kg7 $1 78. Rf3 Bd8 $1 79. Bf2 Be7 80. Bd4 Kg8 81. Bf2 Kg7 82. Bg3 Bd8 $1 83. Rb3 (83. h5 $16) 83... Rg2 (83... Be7 $1 $11 {keeps the balance.}) 84. e6 (84. h5 $16) 84... Rd2+ 85. Kc6 fxe6 86. Rb7+ Kg8 87. Bf4 Rd5 88. Rb8 Kh7 89. Rb7+ Kg8 90. Bxh6 {And now g5 would win.} Bxh4 91. Rg7+ Kh8 92. Rg6 Ra5 93. Bd2 Ra2 94. Be3 {Black must now prevent Rh6+.} Bf2 95. Rh6+ Kg7 96. Rh2 Bxe3 $2 (96... Rc2+ $11 {and Black has nothing to worry.} 97. Kb5 Kg6) 97. Rxa2 $11 {Hoping for Re2. KR-KB} Kf6 {intending ...Kg5.} 98. Ra5 $1 e5 $2 (98... Bg5 99. Kd7 Bh4) 99. Kd5 $18 Kg5 100. Ke4 $1 {[%cal Re4e3]} Bd2 101. Ra2 $2 (101. Rd5 Bc1 102. Kf3 (102. Kxe5 Kxg4 103. Ke4 Bh6 $11)) 101... Bc3 $2 (101... Bf4) 102. Rg2 Ba1 103. Kf3 Bc3 104. Rc2 Bb4 105. Rc4 $2 (105. Re2 Bd6 106. Re3) 105... Bd2 $2 (105... Be7 106. Re4 Bd6) 106. Rc2 $2 (106. Kg3 $18 {Kf3 is the strong threat.} Be1+ 107. Kf3) 106... Bf4 $2 {[%mdl 8192]} (106... Bb4 $11) 107. Rg2 (107. Rc5 $142 Bh2 108. Rc2) 107... Kh4 {[#]} (107... Kg6 $18 108. Rg1 Bd2) 108. Rg1 (108. g5 $142 $1 Kh5 (108... Bxg5 109. Rh2#) 109. g6 Bh6 110. g7 Bxg7 111. Rxg7 Kh6 112. Rg2 Kh5 113. Ke4) 108... Kg5 109. Re1 Kg6 110. Rh1 $2 (110. Re4 Kg5 111. Re1) 110... Kf6 $2 (110... Bg5 111. Ke4 Bf4) 111. Rh8 (111. Rh5 $142 Kg6 112. Ke4) 111... Kg7 112. Rc8 Kf6 113. Rc6+ Kg5 114. Re6 Bh2 115. Re8 (115. Kg2 $142 Bf4 116. Kh3 e4 117. Rxe4 Bd2 118. Re5+ Kf6 119. Rd5 Bg5 120. Kg3) 115... Bf4 116. Rg8+ Kf6 117. Ke4 Kf7 (117... Bd2 $142 118. Rd8 Be1) 118. Ra8 Kf6 119. Kf3 Kg6 120. Rf8 Kg7 $2 (120... Bh6 121. Rg8+ Kf6) 121. Rf5 Kg6 122. Ke4 (122. Kf2 $142) 122... Kh6 $2 (122... Bh2 $18 123. Kd5 Bg3) 123. Kd5 $1 {[%cal Rd5d6] White mates.} Bg3 {[#]} 124. Ke6 $1 Kg6 {[#]} 125. Rf8 $1 Kg7 126. Rf3 Bh2 127. Kf5 {Precision: White = 47%, Black = 49%.} 1-0

[Event "Asian Nation Cup Women 2018"]
[Site "Hamedan"]
[Date "2018.08.01"]
[Round "5"]
[White "Shen, Yang"]
[Black "Hejazipour, Mitra"]
[Result "1-0"]
[WhiteElo "2462"]
[BlackElo "2276"]
[Annotator "ChessBase"]
[PlyCount "125"]
[EventDate "2018.07.27"]
[EventType "swiss"]
[EventCountry "IRI"]
[SourceTitle "playchess.com"]
[Source "ChessBase"]
[SourceQuality "1"]
[WhiteTeam "China"]
[BlackTeam "Iran"]
[WhiteTeamCountry "CHN"]
[BlackTeamCountry "IRI"]
[TimeControl "40/5400+30:1800+30"]

1. d4 {[%emt 0:00:00]} d5 {[%emt 0:00:04]} 2. Nf3 {[%emt 0:00:41]} Nf6 {[%emt 0:00:35]} 3. c4 {[%emt 0:00:25]} e6 {[%emt 0:00:09]} 4. Nc3 {[%emt 0:01:09]} a6 {[%emt 0:00:19]} 5. cxd5 {[%emt 0:01:22]} exd5 {[%emt 0:00:05]} 6. Bg5 {[%emt 0:00:44]} Be6 {[%emt 0:00:28]} 7. e3 {[%emt 0:00:11]} Nbd7 {[%emt 0:00:41]} 8. Bd3 {[%emt 0:00:46]} Bd6 {[%emt 0:01:00]} 9. O-O {[%emt 0:01:17]} c6 {[%emt 0:02:15]} 10. Bf4 {[%emt 0:03:17]} Qc7 {[%emt 0:01:27]} 11. Qd2 {[%emt 0:03:38]} h6 {[%emt 0:24:28]} 12. Rfc1 {[%emt 0:04:27]} O-O {[%emt 0:04:40]} 13. b4 {[%emt 0:07:32]} Nh5 {[%emt 0:01:27]} 14. Bxd6 {[%emt 0:03:07]} Qxd6 {[%emt 0:00:01]} 15. Na4 {[%emt 0:02:07]} Bg4 {[%emt 0:06:18]} 16. Ne1 {[%emt 0:01:49]} Nhf6 17. Nc5 {[%emt 0:07:51]} Rfb8 {[%emt 0:18:20]} 18. a4 {[%emt 0:05:05]} Bh5 {[%emt 0:09:07]} 19. f3 {[%emt 0:01:11]} Nf8 {[%emt 0:04:34]} 20. Bf1 {[%emt 0:06:06]} Bg6 {[%emt 0:00:53]} 21. Ned3 {[%emt 0:00:55]} b6 {[%emt 0:02:19]} 22. Nb3 {[%emt 0:00:28]} N8d7 {[%emt 0:01:41]} 23. Nf4 {[%emt 0:10:01]} Bf5 {[%emt 0:00:57]} 24. Qc3 {[%emt 0:01:42]} Re8 {[%emt 0:03:10]} 25. a5 {[%emt 0:02:46]} g5 {[%emt 0:03:57]} 26. Ne2 {[%emt 0:00:17]} b5 {[%emt 0:00:14]} 27. Nc5 {[%emt 0:04:40]} Nxc5 {[%emt 0:02:40]} 28. Qxc5 {[%emt 0:04:22]} Qxc5 {[%emt 0:00:09]} 29. Rxc5 {[%emt 0:00:04]} Bd7 {[%emt 0:01:42]} 30. Kf2 {[%emt 0:01:08]} h5 {[%emt 0:06:18]} 31. Nc1 {[%emt 0:02:24]} Nh7 {[%emt 0:00:39]} 32. Nd3 {[%emt 0:01:59]} f6 {[%emt 0:00:39]} 33. h4 {[%emt 0:00:22]} gxh4 {[%emt 0:01:01]} 34. Nf4 {[%emt 0:00:09]} Re7 {[%emt 0:00:24]} 35. Bd3 {[%emt 0:01:06]} Ng5 {[%emt 0:00:50]} 36. Ng6 {[%emt 0:01:21]} Rg7 {[%emt 0:00:38]} 37. Nxh4 {[%emt 0:00:07]} Ne6 {[%emt 0:02:52]} 38. Rc3 {[%emt 0:01:57]} Nd8 {[%emt 0:00:01]} 39. Rh1 {[%emt 0:01:33]} Rg5 {[%emt 0:00:43]} 40. f4 {[%emt 0:00:58]} Rg7 {[%emt 0:01:00]} 41. Nf5 {[%emt 0:31:19]} Rh7 {[%emt 0:02:09]} 42. Ng3 {[%emt 0:00:00]} Rh6 {[%emt 0:01:18]} 43. Nxh5 {[%emt 0:00:00]} Nf7 {[%emt 0:01:27]} 44. e4 {[%emt 0:00:00]} dxe4 {[%emt 0:01:16]} 45. Bxe4 {[%emt 0:00:00]} f5 {[%emt 0:02:59]} 46. Bf3 {[%emt 0:00:00]} Nd6 {[%emt 0:01:19]} 47. Re1 {[%emt 0:00:00]} Kf7 {[%emt 0:01:23]} 48. Ng3 {[%emt 0:00:00]} Nc4 {[%emt 0:00:40]} 49. d5 {[%emt 0:00:00]} Nd2 {[%emt 0:03:39]} 50. dxc6 {[%emt 0:00:00]} Nxf3 {[%emt 0:00:56]} 51. Rec1 {[%emt 0:00:00]} Bxc6 {[%emt 0:02:09]} 52. Rxc6 {[%emt 0:00:00]} Rxc6 {[%emt 0:00:13]} 53. Rxc6 {[%emt 0:00:00]} Nd4 {[%emt 0:00:17]} 54. Rd6 {[%emt 0:00:00]} Nc2 {[%emt 0:02:44]} 55. Nxf5 {[%emt 0:00:00]} Nxb4 {[%emt 0:00:05]} 56. g4 {[%emt 0:00:00]} Rc8 {[%emt 0:01:00]} 57. g5 {[%emt 0:00:00]} Rc2+ {[%emt 0:06:20]} 58. Kf3 {[%emt 0:00:00]} Rc3+ {[%emt 0:01:00]} 59. Kg4 {[%emt 0:00:00]} Rd3 {[%emt 0:00:32]} 60. g6+ {[%emt 0:00:43]} Kg8 {[%emt 0:00:20]} 61. Rb6 {[%emt 0:00:44]} Rd8 {[%emt 0:00:12]} 62. Rb7 {[%emt 0:00:20]} Nd5 {[%emt 0:00:15]} 63. Nh6+ {[%emt 0:00:43]} 1-0

[Event "Asian Nation Cup Women 2018"]
[Site "Hamedan"]
[Date "2018.08.01"]
[Round "5"]
[White "Khademalsharieh, Sarasadat"]
[Black "Lei, Tingjie"]
[Result "1-0"]
[WhiteElo "2408"]
[BlackElo "2473"]
[Annotator "TA"]
[PlyCount "115"]
[EventDate "2018.07.27"]
[EventType "swiss"]
[EventCountry "IRI"]
[SourceTitle "playchess.com"]
[Source "ChessBase"]
[SourceQuality "1"]
[WhiteTeam "Iran"]
[BlackTeam "China"]
[WhiteTeamCountry "IRI"]
[BlackTeamCountry "CHN"]

{[%evp 30,114,16,0,4,-8,0,0,16,0,18,12,21,-17,-13,-45,-41,-52,22,3,53,48,51,44,52,53,71,50,50,39,49,52,42,54,62,64,52,16,96,17,22,4,12,14,227,227,187,208,547,535,603,451,12837,12838,12839,12835,2176,1427,1383,1375,1312,1201,1216,1035,1007,989,801,750,580,489,464,441,769,735,12836,12836,12837,12836,12837,12837,12837,12838,12838,12839,29986,29987,29999]} 1. d4 Nf6 2. c4 e6 3. Nf3 d5 4. Nc3 c5 5. cxd5 Nxd5 6. e4 Nxc3 7. bxc3 cxd4 8. cxd4 Bb4+ 9. Bd2 Bxd2+ 10. Qxd2 O-O 11. Bc4 b6 12. O-O Bb7 13. Rfe1 Nd7 14. Rad1 Rc8 {D41: Queen's Gambit Declined: Semi-Tarrasch with 5 cxd5} 15. Bd3 (15. Bb3 Re8 16. h4 h6 17. Qf4 Qc7 18. Qxc7 Rxc7 19. d5 Nc5 20. d6 Rd7 21. Bc4 a6 22. e5 {1-0 (51) Vachier Lagrave,M (2789)-Giri,A (2782) Leuven 2018}) 15... Qe7 16. Qf4 {LiveBook: 15 Games} Rc3 {The position is equal.} 17. h4 $146 ({Predecessor:} 17. e5 Rfc8 18. Ng5 Nf8 19. Qg4 Bd5 20. Bb1 a6 21. Ne4 Bxe4 22. Qxe4 {½-½ (44) Ulko,J (2460)-Rakhmanov,A (2603) Voronezh 2012}) 17... Rfc8 18. d5 e5 19. Qg3 a6 20. h5 h6 21. Qg4 Re8 22. Nh4 {[#] Black must now prevent Nf5.} (22. d6 $5 Qe6 23. Nh2 $11) 22... Nf6 23. Qe2 Bc8 (23... Qa3 $15) 24. Bxa6 $11 Bg4 25. f3 Bd7 26. d6 Qd8 27. Bb5 Nxh5 {[#] And now ...Nf4 would win.} 28. Bxd7 Qxd7 29. Nf5 Kh7 30. Qd2 Rc6 31. Rc1 Nf4 32. Rxc6 Qxc6 33. Kh2 {Threatening Rc1.} Ne6 (33... Rd8 $11) 34. Rd1 (34. Rc1 $16 Nc5 35. Ne7) 34... Rd8 $1 35. Qb2 Nd4 $1 36. Rc1 $36 {[%mdl 2048] White is more active.} Qd7 $2 (36... Qb5 $1 $11 37. Qxb5 Nxb5) 37. Nxd4 $18 exd4 {[%mdl 4096] Endgame KQR-KQR} 38. e5 ({Stronger than} 38. Qxb6 Qxd6+ 39. Qxd6 Rxd6 $11) 38... f6 $2 (38... d3 {is tougher.} 39. Qd4 Qe6 40. Qxd3+ Kg8) 39. Qb1+ Kh8 40. Qg6 {Rc7 is the strong threat.} Qe6 (40... Rg8 $142 41. f4 fxe5 42. fxe5 Qa4) 41. f4 d3 42. Rc7 {[%csl Gc7][%cal Rg6g7]} Rg8 43. d7 Rd8 44. exf6 gxf6 45. Qxh6+ Kg8 46. Qg6+ Kf8 47. Qxd3 Ke7 48. Qh7+ Kd6 49. Rc2 Qe3 50. Qh6 Qd4 (50... Qe7 $142 51. g4 Rxd7) 51. g3 Rxd7 52. Qf8+ Kd5 53. Qg8+ Kd6 54. f5 {[%csl Gf5][%cal Rg8e6]} Qe3 55. Qf8+ Kd5 56. Qa8+ Kd4 57. Qa4+ Kd3 58. Qc4# {Precision: White = 63%, Black = 37%.} 1-0

[Event "Asian Nation Cup Women 2018"]
[Site "Hamedan"]
[Date "2018.08.01"]
[Round "5"]
[White "Karavade, Eesha"]
[Black "Nguyen, Thi Thanh An"]
[Result "1/2-1/2"]
[WhiteElo "2378"]
[BlackElo "2257"]
[Annotator "NA"]
[PlyCount "130"]
[EventDate "2018.07.27"]
[EventType "swiss"]
[EventCountry "IRI"]
[SourceTitle "playchess.com"]
[Source "ChessBase"]
[SourceQuality "1"]
[WhiteTeam "India"]
[BlackTeam "Vietnam"]
[WhiteTeamCountry "IND"]
[BlackTeamCountry "VIE"]
[TimeControl "40/5400+30:1800+30"]

1. d4 Nf6 2. c4 g6 3. g3 Bg7 4. Bg2 O-O 5. Nc3 d6 6. Nf3 Nbd7 7. O-O c6 8. e4 e5 9. h3 Re8 10. Be3 Qa5 11. d5 cxd5 12. cxd5 b5 13. a3 b4 14. axb4 Qxb4 {[%emt 0:21:19]} 15. Qc2 {[%emt 0:34:18]} Nc5 {[%emt 0:01:11]} 16. Nd2 {[%emt 0:04:03]} Bd7 {[%emt 0:07:21]} 17. Na2 {[%emt 0:10:25]} Qb5 {[%emt 0:09:40]} 18. b4 {[%emt 0:03:16]} Na4 {[%emt 0:00:24]} 19. Nc3 {[%emt 0:00:30]} Nxc3 {[%emt 0:00:30]} 20. Qxc3 {[%emt 0:00:30]} Rec8 {[%emt 0:03:58]} 21. Qa3 {[%emt 0:07:40]} Ne8 {[%emt 0:10:43]} 22. Rfb1 {[%emt 0:05:43]} Qb7 {[%emt 0:01:42]} 23. Bf1 {[%emt 0:02:00]} Bb5 {[%emt 0:00:05]} 24. Bxb5 {[%emt 0:00:16]} Qxb5 25. Qa6 {[%emt 0:00:12]} Qd7 {[%emt 0:02:28]} 26. Kg2 {[%emt 0:09:05]} f5 {[%emt 0:03:53]} 27. Ra2 Rc3 28. Rb3 {[%emt 0:04:37]} Rc7 {[%emt 0:16:26]} 29. b5 {[%emt 0:01:01]} f4 {[%emt 0:01:21]} 30. gxf4 {[%emt 0:04:01]} exf4 {[%emt 0:00:09]} 31. Bxf4 {[%emt 0:00:04]} Rac8 {[%emt 0:01:15]} 32. Nf3 {[%emt 0:00:55]} h6 {[%emt 0:06:34]} 33. b6 {[%emt 0:03:41]} axb6 {[%emt 0:00:04]} 34. Rxb6 {[%emt 0:00:04]} g5 {[%emt 0:00:21]} 35. Bg3 {[%emt 0:02:33]} g4 {[%emt 0:02:17]} 36. hxg4 {[%emt 0:00:02]} Qxg4 {[%emt 0:00:07]} 37. Rc6 {[%emt 0:07:11]} Kh7 {[%emt 0:05:41]} 38. Ra4 {[%emt 0:00:40]} Rf7 {[%emt 0:06:35]} 39. Nh2 {[%emt 0:02:55]} Rxc6 {[%emt 0:01:24]} 40. Qxc6 {[%emt 0:01:10]} Qg6 {[%emt 0:00:18]} 41. Nf3 {[%emt 0:31:36]} Rf4 {[%emt 0:05:52]} 42. e5 {[%emt 0:00:00]} Rxa4 {[%emt 0:00:14]} 43. Qxa4 dxe5 {[%emt 0:04:40]} 44. Nh4 {[%emt 0:00:00]} Qf7 {[%emt 0:01:27]} 45. Qe4+ {[%emt 0:00:00]} Kg8 {[%emt 0:00:07]} 46. Bxe5 {[%emt 0:00:00]} Bxe5 {[%emt 0:01:16]} 47. Qxe5 {[%emt 0:00:00]} Qg7+ {[%emt 0:02:17]} 48. Qxg7+ Kxg7 49. Kf3 {[%emt 0:00:00]} Kf6 {[%emt 0:02:16]} 50. Ke4 {[%emt 0:00:00]} Nd6+ {[%emt 0:01:52]} 51. Kf4 {[%emt 0:00:00]} Nc4 {[%emt 0:01:13]} 52. Nf5 Nb6 {[%emt 0:01:37]} 53. Ne3 {[%emt 0:00:00]} h5 {[%emt 0:05:21]} 54. Ke4 {[%emt 0:00:00]} Na4 {[%emt 0:00:30]} 55. f4 {[%emt 0:00:58]} Nc3+ {[%emt 0:05:09]} 56. Kd3 {[%emt 0:00:30]} Nb5 {[%emt 0:00:17]} 57. Kc4 {[%emt 0:01:17]} Nd6+ {[%emt 0:00:46]} 58. Kd3 {[%emt 0:01:39]} Nb5 59. Ke4 {[%emt 0:00:37]} Nc3+ {[%emt 0:01:59]} 60. Kf3 Nb5 {[%emt 0:01:16]} 61. Kg3 {[%emt 0:01:37]} Nd4 62. Ng2 {[%emt 0:03:16]} Kf5 {[%emt 0:02:21]} 63. Kh4 {[%emt 0:01:31]} Ke4 {[%emt 0:00:52]} 64. d6 {[%emt 0:00:44]} Nf5+ {[%emt 0:00:11]} 65. Kxh5 Nxd6 {[%emt 0:00:05]} 1/2-1/2

[Event "Asian Nation Cup Women 2018"]
[Site "Hamedan"]
[Date "2018.08.01"]
[Round "5"]
[White "Zhai, Mo"]
[Black "Hamedi Nia, Vesal"]
[Result "1-0"]
[WhiteElo "2350"]
[BlackElo "2066"]
[Annotator "NA"]
[PlyCount "65"]
[EventDate "2018.07.27"]
[EventType "swiss"]
[EventCountry "IRI"]
[SourceTitle "playchess.com"]
[Source "ChessBase"]
[SourceQuality "1"]
[WhiteTeam "China"]
[BlackTeam "Iran"]
[WhiteTeamCountry "CHN"]
[BlackTeamCountry "IRI"]
[TimeControl "40/5400+30:1800+30"]

1. d4 {[%emt 0:00:00]} d5 {[%emt 0:00:00]} 2. c4 {[%emt 0:00:00]} e6 {[%emt 0:00:00]} 3. Nc3 {[%emt 0:00:07]} Be7 {[%emt 0:01:02]} 4. Nf3 {[%emt 0:01:10]} Nf6 {[%emt 0:00:07]} 5. cxd5 {[%emt 0:02:12]} exd5 {[%emt 0:00:14]} 6. Bg5 {[%emt 0:00:16]} c6 {[%emt 0:00:29]} 7. Qc2 {[%emt 0:00:22]} g6 {[%emt 0:02:26]} 8. e3 {[%emt 0:01:53]} Bf5 {[%emt 0:00:29]} 9. Bd3 {[%emt 0:04:48]} Bxd3 {[%emt 0:00:55]} 10. Qxd3 {[%emt 0:00:02]} Nbd7 {[%emt 0:00:43]} 11. O-O {[%emt 0:01:14]} O-O {[%emt 0:00:23]} 12. a3 {[%emt 0:01:02]} a5 {[%emt 0:03:24]} 13. Nd2 {[%emt 0:06:12]} Re8 {[%emt 0:03:35]} 14. Rae1 {[%emt 0:07:08]} Ne4 {[%emt 0:12:09]} 15. Bxe7 {[%emt 0:03:23]} Qxe7 {[%emt 0:00:12]} 16. f3 {[%emt 0:00:45]} Nxd2 {[%emt 0:01:43]} 17. Qxd2 {[%emt 0:00:01]} Nb6 {[%emt 0:08:40]} 18. e4 {[%emt 0:04:14]} Nc4 {[%emt 0:07:56]} 19. Qf2 {[%emt 0:00:28]} Qd7 20. h3 {[%emt 0:12:41]} b5 {[%emt 0:07:28]} 21. e5 {[%emt 0:07:50]} b4 {[%emt 0:12:26]} 22. Na4 {[%emt 0:00:11]} Qe7 {[%emt 0:12:12]} 23. f4 {[%emt 0:17:52]} f5 {[%emt 0:11:30]} 24. Qc2 {[%emt 0:01:54]} Qa7 {[%emt 0:06:12]} 25. Nc5 {[%emt 0:00:47]} Rab8 {[%emt 0:01:59]} 26. Kh1 {[%emt 0:09:20]} a4 {[%emt 0:05:05]} 27. g4 {[%emt 0:09:55]} fxg4 {[%emt 0:00:47]} 28. f5 {[%emt 0:00:16]} gxf5 {[%emt 0:01:11]} 29. Qxf5 {[%emt 0:00:14]} Rf8 {[%emt 0:00:39]} 30. Qe6+ {[%emt 0:03:10]} Kh8 {[%emt 0:00:29]} 31. Nd7 {[%emt 0:00:21]} Qxd4 {[%emt 0:00:32]} 32. Nxf8 {[%emt 0:00:36]} Rb7 {[%emt 0:00:31]} 33. Nd7 {[%emt 0:00:40]} 1-0